<?xml version="1.0" encoding="UTF-8"?><?xml-stylesheet type="text/xsl" href="static/style.xsl"?><OAI-PMH xmlns="http://www.openarchives.org/OAI/2.0/" xmlns:xsi="http://www.w3.org/2001/XMLSchema-instance" xsi:schemaLocation="http://www.openarchives.org/OAI/2.0/ http://www.openarchives.org/OAI/2.0/OAI-PMH.xsd"><responseDate>2026-04-13T06:34:26Z</responseDate><request verb="GetRecord" identifier="oai:www.recercat.cat:2445/183580" metadataPrefix="marc">https://recercat.cat/oai/request</request><GetRecord><record><header><identifier>oai:recercat.cat:2445/183580</identifier><datestamp>2025-11-20T11:16:49Z</datestamp><setSpec>com_2072_1057</setSpec><setSpec>col_2072_478792</setSpec><setSpec>col_2072_478917</setSpec></header><metadata><record xmlns="http://www.loc.gov/MARC21/slim" xmlns:dcterms="http://purl.org/dc/terms/" xmlns:xsi="http://www.w3.org/2001/XMLSchema-instance" xmlns:doc="http://www.lyncode.com/xoai" xsi:schemaLocation="http://www.loc.gov/MARC21/slim http://www.loc.gov/standards/marcxml/schema/MARC21slim.xsd">
   <leader>00925njm 22002777a 4500</leader>
   <datafield ind2=" " ind1=" " tag="042">
      <subfield code="a">dc</subfield>
   </datafield>
   <datafield ind2=" " ind1=" " tag="720">
      <subfield code="a">Universitat de Barcelona. CRAI</subfield>
      <subfield code="e">author</subfield>
   </datafield>
   <datafield ind2=" " ind1=" " tag="260">
      <subfield code="c">2022-02-28T10:31:05Z</subfield>
   </datafield>
   <datafield ind2=" " ind1=" " tag="260">
      <subfield code="c">2022-02-28T10:31:05Z</subfield>
   </datafield>
   <datafield ind2=" " ind1=" " tag="260">
      <subfield code="c">2022-02-23</subfield>
   </datafield>
   <datafield ind2=" " ind1=" " tag="520">
      <subfield code="a">[Programa]</subfield>
   </datafield>
   <datafield ind2=" " ind1=" " tag="520">
      <subfield code="a">1. Benvinguda | Judit Casals, directora del CRAI.</subfield>
   </datafield>
   <datafield ind2=" " ind1=" " tag="520">
      <subfield code="a">2. Presentació | Dr. Xavier Triadó, vicerector de Transformació Digital.</subfield>
   </datafield>
   <datafield ind2=" " ind1=" " tag="520">
      <subfield code="a">- Línia1. Serveis. Objectiu: potenciar l’espai físic</subfield>
   </datafield>
   <datafield ind2=" " ind1=" " tag="520">
      <subfield code="a">3. El valor del codisseny dels espais universitaris | Anna Escofet. Facultat d'Educació. [http://hdl.handle.net/2445/183594]</subfield>
   </datafield>
   <datafield ind2=" " ind1=" " tag="520">
      <subfield code="a">4. Projecte d'espai polivalent al CRAI Biblioteca del Campus de Mundet: una experiència de codisseny | Jordi Tremosa. CRAI Biblioteca del Campus de Mundet. [http://hdl.handle.net/2445/183583]</subfield>
   </datafield>
   <datafield ind2=" " ind1=" " tag="520">
      <subfield code="a">5. Biotransformació dels espais | Dani Cama, Gemma Masdeu. CRAI Biblioteca de Biologia. [http://hdl.handle.net/2445/183598]</subfield>
   </datafield>
   <datafield ind2=" " ind1=" " tag="520">
      <subfield code="a">6. Design thinking per als espais de CRAI BIMA | Roser Novella, Èlia Romaní. CRAI Biblioteca d'Informació i Mitjans Audiovisuals. [http://hdl.handle.net/2445/183599]</subfield>
   </datafield>
   <datafield ind2=" " ind1=" " tag="520">
      <subfield code="a">- Línia 1. Serveis</subfield>
   </datafield>
   <datafield ind2=" " ind1=" " tag="520">
      <subfield code="a">7. «Et puc trucar?»: la necessitat d'un servei de videoconferència al CRAI UB en temps de pandèmia | Imma Marín. CRAI Biblioteca de Lletres. [http://hdl.handle.net/2445/183570]</subfield>
   </datafield>
   <datafield ind2=" " ind1=" " tag="520">
      <subfield code="a">8. Tenim un acord transformatiu: a qui li tocarà l'APC? | Concepción Juana. CRAI Unitat de Recerca. [http://hdl.handle.net/2445/183571]</subfield>
   </datafield>
   <datafield ind2=" " ind1=" " tag="520">
      <subfield code="a">9. Dels formadors sense barreres a un nou model organitzatiu | Rosa Zaborras. Àrea de millora Formació AM8-21. [http://hdl.handle.net/2445/183612]</subfield>
   </datafield>
   <datafield ind2=" " ind1=" " tag="520">
      <subfield code="a">- Línia 2. Recursos d’informació i patrimoni bibliogràfic</subfield>
   </datafield>
   <datafield ind2=" " ind1=" " tag="520">
      <subfield code="a">10. Aprofitant l'espai. Nou sistema d'emmagatzematge al CRAI Dipòsit de Cervera | Jordi Balagué. CRAI Dipòsit de Cervera. CRAI Unitat de Gestió de la Col·lecció. [http://hdl.handle.net/2445/183638]</subfield>
   </datafield>
   <datafield ind2=" " ind1=" " tag="520">
      <subfield code="a">11. Transversalitat des de «Processar i descriure»: Unitat de Procés Tècnic | Ramon Anglada, Roberta Boscaro. CRAI Unitat de Procés Tècnic. [http://hdl.handle.net/2445/183614]</subfield>
   </datafield>
   <datafield ind2=" " ind1=" " tag="520">
      <subfield code="a">12. Accions derivades de la realització d'un TFM basat en el fons de la Biblioteca de Fons Antic | Núria Cangròs. CRAI Biblioteca de Fons Antic. [http://hdl.handle.net/2445/183615]</subfield>
   </datafield>
   <datafield ind2=" " ind1=" " tag="520">
      <subfield code="a">- Línia 3. Difusió i cooperació</subfield>
   </datafield>
   <datafield ind2=" " ind1=" " tag="520">
      <subfield code="a">13. Presència del CRAI a les xarxes socials | Jordi Casadellà. Grup de Xarxes del CRAI. [http://hdl.handle.net/2445/183616]</subfield>
   </datafield>
   <datafield ind2=" " ind1=" " tag="520">
      <subfield code="a">- Línia 5. Organització i persones</subfield>
   </datafield>
   <datafield ind2=" " ind1=" " tag="520">
      <subfield code="a">14. Motivació de l'equip i reconeixement individual. Una eina a l'abast de tothom | Rosa Fabeiro. CRAI Unitat de Procés Tècnic. [http://hdl.handle.net/2445/183663]</subfield>
   </datafield>
   <datafield ind2=" " ind1=" " tag="520">
      <subfield code="a">15. Cloenda | Judit Casals, directora del CRAI. Conclusions [http://hdl.handle.net/2445/183648]</subfield>
   </datafield>
   <datafield ind2=" " ind1=" " tag="520">
      <subfield code="a">- Conclusions [http://hdl.handle.net/2445/183648]</subfield>
   </datafield>
   <datafield ind2=" " ind1=" " tag="520">
      <subfield code="a">Podeu consultar les comunicacions individuals al camp recurs relacionat.</subfield>
   </datafield>
   <datafield ind2=" " ind1=" " tag="520">
      <subfield code="a">El  23 de febrer de 2022 es va celebrar, a l'Aula Magna de la Facultat de Medicina i Ciències de la Salut de la UB, la 9a Jornada de Bones Pràctiques del CRAI de la UB. En aquesta ocasió, es van presentar experiències o nous enfocament  a serveis que s’han portat a terme durant la pandèmia i altres temes, tots vinculats amb les línies i els objectius estratègics del Pla estratègic del CRAI Iter2022. Benvinguda a càrrec de Judit Casals, directora del CRAI de la UB. Presentació a càrrec del Dr. Xavier Triadó, vicerector de Transformació Digital UB.</subfield>
   </datafield>
   <datafield tag="653" ind2=" " ind1=" ">
      <subfield code="a">Centres de recursos per a l'aprenentatge i la investigació</subfield>
   </datafield>
   <datafield tag="653" ind2=" " ind1=" ">
      <subfield code="a">Formació del personal</subfield>
   </datafield>
   <datafield tag="653" ind2=" " ind1=" ">
      <subfield code="a">Planificació estratègica</subfield>
   </datafield>
   <datafield tag="653" ind2=" " ind1=" ">
      <subfield code="a">Learning Resources Centres</subfield>
   </datafield>
   <datafield tag="653" ind2=" " ind1=" ">
      <subfield code="a">Employee training</subfield>
   </datafield>
   <datafield tag="653" ind2=" " ind1=" ">
      <subfield code="a">Strategic planning</subfield>
   </datafield>
   <datafield tag="653" ind2=" " ind1=" ">
      <subfield code="a">Universitat de Barcelona. CRAI</subfield>
   </datafield>
   <datafield ind2="0" ind1="0" tag="245">
      <subfield code="a">9a Jornada de Bones Pràctiques: experiències alineades amb els objectius del Pla estratègic Iter2022 (CRAI UB)</subfield>
   </datafield>
</record></metadata></record></GetRecord></OAI-PMH>